Nguội dụng cụ /
Đã lưu trong:
| 主要作者: | |
|---|---|
| 格式: | 圖書 |
| 語言: | Vietnamese |
| 出版: |
H. :
Công nhân kỹ thuật ,
1983
|
| 版: | In lần thứ 1 |
| 主題: | |
| 標簽: |
添加標簽
沒有標簽, 成為第一個標記此記錄!
|
| Thư viện lưu trữ: | Thư viện Trường CĐ Kỹ Thuật Cao Thắng |
|---|
| LEADER | 00668nam a2200217 a 4500 | ||
|---|---|---|---|
| 001 | TVCDKTCT681 | ||
| 003 | Thư viện trường Cao đẳng Kỹ thuật Cao Thắng | ||
| 005 | 20050803000000 | ||
| 008 | 050803 | ||
| 980 | \ | \ | |a Thư viện Trường CĐ Kỹ Thuật Cao Thắng |
| 024 | |a RG_1 #1 eb0 i1 | ||
| 041 | 0 | # | |a vie |
| 082 | # | # | |a 621.9 / |b QU514V-n |
| 100 | 1 | # | |a Quốc Việt |
| 245 | 0 | 0 | |a Nguội dụng cụ / |c Quốc Việt |
| 250 | # | # | |a In lần thứ 1 |
| 260 | # | # | |a H. : |b Công nhân kỹ thuật , |c 1983 |
| 300 | # | # | |a 317tr. ; |c 19cm |
| 650 | # | 4 | |a Cơ khí |
| 650 | # | 4 | |a Cơ khí--Máy móc |
| 650 | # | 4 | |a Nguội dụng cụ |